000 00352nam a2200145Ia 4500
100 _aSciavicco/Lorenzo/ Siciliano/Brnuno
942 _cBK
654 _aEngineering
245 _aModelling & Control of Robot Manipulation
260 _bMc Graw Hill
_aLondon
_c1996
082 _a629.892
_bSCI
300 _a358
546 _aENGLISH
999 _c33948
_d33948